हिन्दी की श्रेष्ठ बाल कहानियाँ / (Record no. 207226)
[ view plain ]
| 000 -LEADER | |
|---|---|
| fixed length control field | 00989nam a22002177a 4500 |
| 005 - DATE AND TIME OF LATEST TRANSACTION | |
| control field | 20241129130319.0 |
| 010 ## - LCCN (DPL NO) | |
| LC control number | B-761347 |
| 020 ## - INTERNATIONAL STANDARD BOOK NUMBER | |
| Terms of availability | 795.00 |
| International Standard Book Number | 9789395960182 |
| 035 ## - SYSTEM CONTROL NUMBER | |
| System control number | B-761347 |
| 037 ## - SOURCE OF ACQUISITION | |
| Source of stock number/acquisition | उपहार |
| 082 ## - DEWEY DECIMAL CLASSIFICATION NUMBER | |
| Classification number | क |
| 245 ## - TITLE STATEMENT | |
| Title | हिन्दी की श्रेष्ठ बाल कहानियाँ / |
| Statement of responsibility, etc | उषा यादव एवं राजकिशोर सिंह द्वारा संपादित |
| 260 ## - PUBLICATION, DISTRIBUTION, ETC. (IMPRINT) | |
| Place of publication, distribution, etc | दिल्ली |
| Name of publisher, distributor, etc | आत्माराम एण्ड संस |
| Date of publication, distribution, etc | 2023 |
| 270 ## - ADDRESS | |
| Address | 1376, कश्मीरी गेट |
| City | दिल्ली |
| Postal code | 110006 |
| 300 ## - PHYSICAL DESCRIPTION | |
| Extent | 264पृ.: |
| Dimensions | 22सेमी(सजिल्द) |
| Other physical details | सचित्र |
| 500 ## - GENERAL NOTE | |
| General note | AIRPORT |
| 700 ## - ADDED ENTRY--PERSONAL NAME | |
| Personal name | यादव, उषा |
| 9 (RLIN) | 74376 |
| 700 ## - ADDED ENTRY--PERSONAL NAME | |
| Personal name | राजकिशोर सिंह |
| 9 (RLIN) | 74377 |
| 942 ## - ADDED ENTRY ELEMENTS (KOHA) | |
| Source of classification or shelving scheme | Dewey Decimal Classification |
| Item type | Children Books |
| Call number suffix | हिन्दीकी |
| Classification part | क |
| Withdrawn status | Lost status | Not for loan | Collection code | Home library | Current library | Date acquired | Source of acquisition | Cost, normal purchase price | Full call number | Barcode | Copy number | Cost, replacement price | Koha item type | Public note |
|---|---|---|---|---|---|---|---|---|---|---|---|---|---|---|
| Fiction | Central Library | Central Library | 29/11/2024 | उपहार /28/11/2024 | 795.00 | हिन्दीकी क | B-761347 | 1 | 795.00 | Children Books | उपहार |
